<?xml version="1.0" encoding="UTF-8"?>
<record
    xmlns:xsi="http://www.w3.org/2001/XMLSchema-instance"
    xsi:schemaLocation="http://www.loc.gov/MARC21/slim http://www.loc.gov/standards/marcxml/schema/MARC21slim.xsd"
    xmlns="http://www.loc.gov/MARC21/slim">

  <leader>01914nam a22002537a 4500</leader>
  <controlfield tag="003">BJBSDDR</controlfield>
  <controlfield tag="005">20260511170149.0</controlfield>
  <controlfield tag="006">a|||||r|||| 00| 0 </controlfield>
  <controlfield tag="007">ta</controlfield>
  <controlfield tag="008">260511s20102001nyu|||||r|||| 00| 0 eng d</controlfield>
  <datafield tag="020" ind1=" " ind2=" ">
    <subfield code="a">9780812966008</subfield>
  </datafield>
  <datafield tag="040" ind1=" " ind2=" ">
    <subfield code="b">spa</subfield>
    <subfield code="c">BJBSDDR</subfield>
  </datafield>
  <datafield tag="041" ind1=" " ind2=" ">
    <subfield code="a">eng</subfield>
  </datafield>
  <datafield tag="050" ind1=" " ind2=" ">
    <subfield code="b">M875t 2010</subfield>
  </datafield>
  <datafield tag="100" ind1="1" ind2=" ">
    <subfield code="a">Morris, Edmund,</subfield>
    <subfield code="d">1940-2019</subfield>
    <subfield code="9">48392</subfield>
  </datafield>
  <datafield tag="245" ind1="1" ind2="0">
    <subfield code="a">Theodore Rex /</subfield>
    <subfield code="b">Edmund Morris.</subfield>
  </datafield>
  <datafield tag="250" ind1=" " ind2=" ">
    <subfield code="a">Paperback Edition</subfield>
  </datafield>
  <datafield tag="260" ind1=" " ind2=" ">
    <subfield code="a">New York :</subfield>
    <subfield code="b">Random House, </subfield>
    <subfield code="c">2010</subfield>
  </datafield>
  <datafield tag="300" ind1=" " ind2=" ">
    <subfield code="a">X, 772 p&#xE1;ginas :</subfield>
    <subfield code="b">illustrations ;</subfield>
    <subfield code="c">21 cm</subfield>
  </datafield>
  <datafield tag="505" ind1=" " ind2=" ">
    <subfield code="a">Contenidos : Prologue


14&#x2013;16 September 1901


Part One &#x2014; The First Administration, 1901&#x2013;1904


The Shadow of the Crown


The Most Damnable Outrage


One Vast, Smoothly Running Machine


A Message from the President


Turn of a Rising Tide


Two Pilots Aboard, and Rocks Ahead


Genius, Force, Originality


The Good Old Summertime


No Power or Duty


Many Budding Things


Part Two &#x2014; The Second Administration, 1905&#x2013;1909


The Best Herder of Emperors Since Napoleon


Mere Force of Events


The Treason of the Senate


Blood Through Marble


The Clouds That Are Gathering


Such a Fleet and Such a Day


Moral Overstrain


The Residuary Legatee


One Long Lovely Crackling Row


Epilogue


4 March 1909


Back Matter


Notes


Bibliography


Index



</subfield>
  </datafield>
  <datafield tag="520" ind1=" " ind2=" ">
    <subfield code="a">The biography portrays Theodore Roosevelt as an energetic and transformative leader who modernized the American presidency. Morris emphasizes Roosevelt&#x2019;s charisma, intellectual curiosity, and political skill while also examining his ambitions and controversies. The narrative explores how Roosevelt expanded federal authority, promoted conservation, confronted monopolies, and positioned the United States as a growing world power.</subfield>
  </datafield>
  <datafield tag="942" ind1=" " ind2=" ">
    <subfield code="2">lcc</subfield>
    <subfield code="n">0</subfield>
    <subfield code="c">BK</subfield>
  </datafield>
  <datafield tag="946" ind1=" " ind2=" ">
    <subfield code="i">llh</subfield>
  </datafield>
  <datafield tag="999" ind1=" " ind2=" ">
    <subfield code="c">127049</subfield>
    <subfield code="d">127049</subfield>
  </datafield>
  <datafield tag="952" ind1=" " ind2=" ">
    <subfield code="0">0</subfield>
    <subfield code="1">0</subfield>
    <subfield code="2">lcc</subfield>
    <subfield code="4">0</subfield>
    <subfield code="7">0</subfield>
    <subfield code="8">APT</subfield>
    <subfield code="a">BJB</subfield>
    <subfield code="b">BJB</subfield>
    <subfield code="c">APT</subfield>
    <subfield code="d">2026-05-11</subfield>
    <subfield code="l">0</subfield>
    <subfield code="o">M875t 2010</subfield>
    <subfield code="p">00000200080</subfield>
    <subfield code="r">2026-05-11 17:02:22</subfield>
    <subfield code="t">1</subfield>
    <subfield code="w">2026-05-11</subfield>
    <subfield code="y">BK</subfield>
  </datafield>
</record>
